Регионална библиотека "Любен Каравелов" - Русе

Гръмотевицата (Запис номер 3597)

MARC детайли
000 -Лидер
Контролно поле с фиксирана дължина 01437nam a2200337 c 4500
003 - Код на организацията, давaща контролен номер
Контролно поле BLK
005 - Дата и час на последна редакция
Контролно поле 20250203140905.0
008 - Елементи от данни с фиксирана дължина
fixed length control field 180412b bul|||||r ||||||| ||bul||
010 ## - Наследен системен номер
LC control number KNG00004699000
020 ## - Международен стандартен номер на книга ISBN
Международен стандартен номер на книга ISBN 954-404-059-5
-- издат.: Ведрина
040 ## - Източник на каталожния запис
Идентификатор на билиотеката - собственик на записа BLK
041 ## - Код за език
Код за езика на текст/звукозапис или на отделно заглавие Български
Код за езика КДБФ Български
080 ## - УДК
Текстов определител УДК ?Литература на ЮАР
УДК код - определител по УДК 896(680)
УДК определител -31
УДК - код + определител 896(680)-31
100 1# - Редна дума - Автор
Автор Смит, Уилбър Едисън
Авторска отговорност първи автор
R(LIN) 242238
139 ## - Редно поле
Редна дума Смит, Уилбър Едисън
Авторски знак Сми - С 47
245 10 - Сведения за заглавието
Заглавие Гръмотевицата
Подзаглавни данни Роман
Редно поле (дума) Уилбър Едисън Смит; прев. от англ. Ива Балканска; прев. от англ. Мариела Тодорова.
257 ## - Страна на издаване
Страна на създаване/издаване Южно-африканска република
260 ## - Област на издателските данни
-- София
Име на издателя, разпространителя и проч. Ведрина
Година на издаване 1994
300 ## - Физическа характеристика
Страници 384 с.
Размери/Мащаб 20 см
380 ## - Жанр
Жанр Худож. лит.
500 ## - Общи забележки
Забележка Прев. е направен от The Sound of Thunder / Wibur Smith. - Кн. е продълж. на Когато лъвът се храни. - 7 000 тир.
653 ## - Ключова дума – ненормативна
Ключова дума романи
700 1# - Други автори (авторска отговорност)
Лично име Балканска, Ива
Автороска отговорност (Описва отношението между автора и произведението) прев. от англ.
9 (RLIN) 247539
700 1# - Други автори (авторска отговорност)
Лично име Тодорова, Мариела
Автороска отговорност (Описва отношението между автора и произведението) прев. от англ.
9 (RLIN) 247540
852 ## - Местоположение
Форматна сигнатура Цб 181987
856 4# - Електронен адрес и достъп
Електронен формат pdf - файл
Път до файла /url/
856 4# - Електронен адрес и достъп
Електронен формат pdf - файл
Път до файла /url/
942 ## - АРТИКУЛИ
Вид на библиотечния материал Книги
Скрит в OPAC Не
Koha issues (borrowed), all copies 10
944 ## - СЪЗДАВАНЕ И РЕДАКЦИЯ на ЗАПИСА
Създаване/Редакция Създаване
Дата на регистрацията/редакция 15.01.2003
Статус, дата на статуса Цветомила Тодорова
Служител, извършил регистрацията/редакцията 30576
944 ## - СЪЗДАВАНЕ И РЕДАКЦИЯ на ЗАПИСА
Създаване/Редакция Редакция
Дата на регистрацията/редакция 23.06.2017
Статус, дата на статуса ф /
Служител, извършил регистрацията/редакцията Людмила_Стоянова
999 ## - СИСТЕМНИ КОНТРОЛНИ НОМЕРА
Koha biblionumber 3597
Koha biblioitemnumber 3597
Наличности
Код за отписване Код за изгубен артикул Код за повреда Коз за рестрикции Код за отдаване Артикулен № Име на библиотеката - собственик Име на библиотеката, в която се намира в момента Статус (Текущо местоположение) Дата на вписване в системата Местоположение - отдел Цена в лева Инвентарен номер Систематично азбучна сигнатура Баркод Номер на екземпляра Цена в евро Служебна бележка Служебен тип на артикула Източник на класификационната схема
Изтеглен Не е изгубен Не е повреден без рестрикции заемане за дома 6455 Регионална библиотека "Любен Каравелов" Русе Регионална библиотека "Любен Каравелов" Русе Заемна - подръчен фонд 2004-08-20 Заемна - подръчен фонд 5.00 120000687802 П 896-31/С 47 120000687802 1 2.56 Дост: DA Вид: А N: 20 Дата: 19.08.2004 Дата инв: 08.02.2018 Бележки инв: П2018 Книги  
  Не е изгубен Не е повреден без рестрикции ползва се в читалня 6456 Регионална библиотека "Любен Каравелов" Русе Регионална библиотека "Любен Каравелов" Русе Хранилище 1994-01-01 Хранилище 1.50 607900 Цб 181987 120000607900 2 0.77 Дост: Dp Вид: Д N: 47 Дата: 01.01.1994 Дата инв: 05.01.2015 Бележки инв: Цб2015 Книги Universal Decimal Classification
  Не е изгубен Не е повреден без рестрикции заемане за дома 6457 Регионална библиотека "Любен Каравелов" Русе Регионална библиотека "Любен Каравелов" Русе Заемна - подръчен фонд 2017-05-26 Заемна - подръчен фонд 3.00 120000811626 П 821-31/С 47 120000811626 3 1.53 Дост: Pk Вид: Ф N: 490 Дата: 26.05.2017 Дата инв: 08.02.2018 Бележки инв: П2018 Книги Universal Decimal Classification
Vip Innovations Ltd, Rousse, Bulgaria 2025